Sports Quiz

Random Sports or NBA Quiz
Score 0/247 Timer 20:00
0 Plays Today
First Name Last Name % Correct
CarmeloAnthony
99.2%
LaMarcusAldridge
98.3%
KareemAbdul-Jabbar
97.5%
RayAllen
96.6%
KobeBryant
95.8%
LarryBird
95.8%
David, Glenn, TruckRobinson
95.8%
Jeff, Karl, MosesMalone
94.9%
Dennis, Eddie, Gus, Joe, John, Kevin, Larry, Magic, MarquesJohnson
94.9%
ElginBaylor
94.1%
GilbertArenas
93.2%
LeBronJames
92.4%
CharlesBarkley
92.4%
ChaunceyBillups
92.4%
VinceCarter
90.7%
Draymond, JohnnyGreen
90.7%
David, JerryWest
89.8%
WiltChamberlain
89.8%
HakeemOlajuwon
89.8%
YaoMing
89.8%
BlakeGriffin
89.8%
KyrieIrving
89.8%
Buck, Deron, GusWilliams
89.8%
ManuGinobili
89.8%
Jermaine, ShaquilleO'Neal
89%
ClydeDrexler
89%
DwightHoward
89%
ScottiePippen
89%
DirkNowitzki
88.1%
JuliusErving
88.1%
DikembeMutombo
88.1%
Anthony, Baron, WalterDavis
88.1%
Caron, JimmyButler
88.1%
DeMarcusCousins
88.1%
MichaelJordan
87.3%
Marc, PauGasol
87.3%
David, KlayThompson
87.3%
EltonBrand
87.3%
KawhiLeonard
87.3%
ElvinHayes
86.4%
Isaiah, IsiahThomas
85.6%
Amar'eStoudemire
85.6%
Anfernee, TimHardaway
85.6%
Bobby, Eddie, SamJones
85.6%
BernardKing
85.6%
RajonRondo
85.6%
JoakimNoah
85.6%
Brad, ReggieMiller
84.7%
DeMarDeRozan
84.7%
AntawnJamison
84.7%
Alvin, OscarRobertson
83.9%
DominiqueWilkins
83.9%
WaltFrazier
83.9%
TracyMcGrady
83.9%
StephenCurry
83.9%
TimDuncan
83.1%
RickBarry
83.1%
AlonzoMourning
83.1%
DennisRodman
83.1%
DwyaneWade
82.2%
LuolDeng
82.2%
RashardLewis
82.2%
GrantHill
81.4%
NateArchibald
81.4%
RussellWestbrook
81.4%
PatrickEwing
80.5%
TonyParker
80.5%
ArtisGilmore
79.7%
Bob, KevinLove
79.7%
BillRussell
78.8%
WillisReed
78.8%
MauriceCheeks
78.8%
LatrellSprewell
78.8%
AllenIverson
78%
PaulPierce
78%
Antoine, Chet, JimmyWalker
78%
RolandoBlackman
78%
CarlosBoozer
78%
FatLever
77.1%
HalGreer
76.3%
PejaStojakovic
76.3%
WaltBellamy
75.4%
EarlMonroe
75.4%
First Name Last Name % Correct
StephonMarbury
75.4%
DolphSchayes
74.6%
KevinDurant
74.6%
Jo JoWhite
74.6%
MitchRichmond
74.6%
GeorgeGervin
73.7%
PeteMaravich
73.7%
VinBaker
73.7%
Jack, PaulGeorge
73.7%
DamianLillard
73.7%
Phil, RandySmith
73.7%
BobCousy
72.9%
DerrickRose
72.9%
GaryPayton
72%
GailGoodrich
72%
DetlefSchrempf
72%
TomChambers
71.2%
BenWallace
71.2%
LennyWilkens
70.3%
WesUnseld
70.3%
ShawnMarion
70.3%
ZydrunasIlgauskas
70.3%
ZachRandolph
70.3%
DaveCowens
69.5%
AdrianDantley
69.5%
JohnWall
69.5%
KevinMcHale
68.6%
PaulArizin
67.8%
AlexEnglish
67.8%
ShawnKemp
67.8%
ConnieHawkins
67.8%
AllanHouston
67.8%
KevinGarnett
66.9%
JasonKidd
66.1%
DaveBing
66.1%
ChrisPaul
65.3%
Jerry, MauriceLucas
65.3%
MarkPrice
65.3%
KyleLowry
65.3%
TerrellBrandon
65.3%
RobertParish
64.4%
SteveNash
64.4%
SidneyMoncrief
64.4%
ChrisBosh
62.7%
JohnStockton
62.7%
SpencerHaywood
62.7%
JoeDumars
61.9%
RalphSampson
61.9%
BobPettit
61%
GlenRice
61%
KikiVandeweghe
61%
JamaalWilkes
60.2%
NateThurmond
59.3%
SlaterMartin
58.5%
JamesWorthy
58.5%
JohnHavlicek
57.6%
ChrisWebber
57.6%
TerryPorter
56.8%
LouHudson
55.9%
NeilJohnston
55.9%
BillyCunningham
55.9%
GeorgeMikan
55.9%
RichardHamilton
55.9%
AlHorford
54.2%
ChrisMullin
53.4%
NormNixon
53.4%
BillWalton
53.4%
DaveDeBusschere
52.5%
DanMajerle
52.5%
RoyHibbert
52.5%
JamesHarden
51.7%
BobMcAdoo
51.7%
MarkAguirre
51.7%
BradDaugherty
50.8%
BillLaimbeer
50.8%
LarryNance
50.8%
BobLanier
50%
RedKerr
50%
DannyManning
50%
DougCollins
49.2%
TomHeinsohn
46.6%
OtisBirdsong
46.6%
CliffHagan
45.8%
First Name Last Name % Correct
PaulMillsap
44.9%
TerryCummings
44.9%
BillSharman
44.1%
RichieGuerin
44.1%
MichealRay Richardson
44.1%
SteveFrancis
44.1%
BrandonRoy
44.1%
JackSikma
43.2%
BaileyHowell
41.5%
PaulWestphal
41.5%
RudyTomjanovich
40.7%
DavidLee
40.7%
MichaelFinley
39.8%
GuyRodgers
39%
CharlieScott
39%
ZelmoBeaty
38.1%
ReggieTheus
38.1%
JerryStackhouse
37.3%
GeorgeYardley
36.4%
GeoffPetrie
35.6%
JackTwyman
33.9%
ClydeLovellette
33.9%
SidneyWicks
33.9%
SeanElliott
33.9%
PaulSilas
33.9%
VernMikkelsen
33.1%
Dick, TomVan Arsdale
33.1%
EdMacauley
32.2%
BobDandridge
30.5%
JoeFulks
28.8%
GeorgeMcGinnis
28%
JimPaxson
28%
GeneShue
27.1%
MauriceStokes
27.1%
AndrewToney
27.1%
NormVan Lier
27%
DickMcGuire
25.4%
ArchieClark
25.4%
KevinDuckworth
25.4%
HarryGallatin
24.6%
JohnDrew
24.6%
PhilChenier
23.7%
JerrySloan
23.7%
JeffMullins
22.9%
LarryFoust
22%
KellyTripucka
22%
TomGola
21.2%
BobDavies
21.2%
ArnieRisen
21.2%
CarlBraun
20.3%
JimPollard
20.3%
RudyLaRusso
18.6%
DanRoundfield
18.6%
Hot RodHundley
16.9%
LarryKenon
16.9%
TerryDischinger
16.1%
JackMarin
16.1%
JeffRuland
16.1%
AndyPhillip
15.3%
BobbyWanzer
15.3%
WillieNaulls
15.3%
BillBridges
15.3%
DonOhl
13.6%
WayneEmbry
12.7%
MelHutchins
12.7%
ScottWedman
12.7%
LarryCostello
11.9%
BrianWinters
11.9%
WalterDukes
7.6%
FrankSelvy
7.6%
RedRocha
6.8%
JoeCaldwell
5.9%
DonKojis
5.9%
PaulSeymour
5.1%
FredSears
5.1%
BobKauffman
4.2%
FredScolari
4.2%
DickGarmaker
3.4%
FrankieBrian
3.4%
LeoBarnhorst
2.5%
DikeEddleman
1.7%
Remove Ads.
Support Sporcle.
Get the best of Sporcle when you Go Orange. This ad-free experience offers more features, more stats, and more fun while also helping to support Sporcle. Thank you for becoming a member.

You're not logged in!

Compare scores with friends on all Sporcle quizzes.
OR
Log In

Sporcle TV

Today on Sporcle TV


Watch our educational content, quiz creation guides, and fun videos on Sporcle TV.

Show Comments

Extras

Top Quizzes Today


Score Distribution

Paid Content

Your Account Isn't Verified!

In order to create a playlist on Sporcle, you need to verify the email address you used during registration. Go to your Sporcle Settings to finish the process.

Report this User

Report this user for behavior that violates our Community Guidelines.

Details: